000 00395 a2200169 4500
001 71824
020 _a8516039390
040 _cAnchieta - Colégio São Paulo
100 _aGannett, Ruth Stiles
240 1 0 _aOs dragões de Terra Azul
_lpor
245 1 0 _aOs dragões de Terra Azul
300 _a88
362 0 _a2004
440 1 _aSalamandra
650 4 _aLiteratura infantil
942 _cBK
999 _c71824
_d71824